Statistics for All Renault Clio Name Variations

Click here to take the quiz!

General Stats

  • This quiz has been taken 23 times
  • The average score is 3 of 21

Answer Stats

VersionLocationAnswer% Correct
I, II, III, IVWorldwideRenault Clio
83%
II, III, IVWorldwideRenault Clio RS
22%
I, II, III, IVJapanRenault Lutecia
22%
II, III, IVJapanRenault Lutecia RS
22%
IIUK, France, Germany, Colombia, Spain, BrazilRenault Clio Campus
17%
IWorldwideRenault Clio Williams
17%
IICentral Europe, IsraelRenault Thalia
17%
IISlovenia, Slovakia, Czech RepublicRenault Clio Storia
11%
IIMexicoNissan Platina
6%
IIUnited KingdomRenault Clio Grande
6%
IIDenmarkRenault Clio New Basic
6%
IIBrazil, Chile, Paraguay, Uruguay, PeruRenault Clio Sedan
6%
IISouth AmericaRenault Clio Symbol
6%
IIBrazilRenault Novo Clio
6%
IIColombiaRenault Taxi Express
6%
IIColombiaRenault Citius
0%
IIArgentina, Chile, UruguayRenault Clio 4 Puertas
0%
IIAsia and North AfricaRenault Clio Classic
0%
IIArgentinaRenault Clio Mio
0%
IIColombiaRenault Clio Style
0%
IIIMexicoRenault Euro Clio
0%

Score Distribution

Percentile by Number Answered

Percent of People with Each Score

Your Score History

You have not taken this quiz